<?xml version="1.0" encoding="UTF-8"?>
<collection xmlns="http://www.loc.gov/MARC21/slim">
 <record>
  <leader>00856pamaa2200205   4500</leader>
  <controlfield tag="001">0000052179</controlfield>
  <controlfield tag="005">20140506090000.0</controlfield>
  <controlfield tag="008">140205s2011                             eng  </controlfield>
  <datafield tag="022" ind1="0" ind2="0">
   <subfield code="a">1055-8896</subfield>
  </datafield>
  <datafield tag="245" ind1="0" ind2="0">
   <subfield code="a">Journal of Educational Multimedia and Hypermedia : </subfield>
   <subfield code="b">vol. 19, no. 1-4, 2010, Vol 20, no. 2-3, 2011.</subfield>
  </datafield>
  <datafield tag="260" ind1="0" ind2="0">
   <subfield code="a">Charlottesville, VA: </subfield>
   <subfield code="b">Association for the Advancement of Computing in Education, </subfield>
   <subfield code="c">1992-.</subfield>
  </datafield>
  <datafield tag="300" ind1=" " ind2=" ">
   <subfield code="a">v.: </subfield>
   <subfield code="b">ill.; </subfield>
   <subfield code="c">25 cm..</subfield>
  </datafield>
  <datafield tag="500" ind1="0" ind2="0">
   <subfield code="a">Title from cover.</subfield>
  </datafield>
  <datafield tag="650" ind1="0" ind2="0">
   <subfield code="a">Computer-assisted instruction -- </subfield>
   <subfield code="x">Periodicals. -- </subfield>
   <subfield code="z">United States </subfield>
  </datafield>
  <datafield tag="650" ind1="0" ind2="0">
   <subfield code="a">Media programs (Education) -- </subfield>
   <subfield code="x">Periodicals. -- </subfield>
   <subfield code="z">United States </subfield>
  </datafield>
  <datafield tag="650" ind1="0" ind2="0">
   <subfield code="a">Interactive multimedia -- </subfield>
   <subfield code="x">Periodicals -- </subfield>
   <subfield code="z">United States </subfield>
  </datafield>
  <datafield tag="650" ind1="0" ind2="0">
   <subfield code="a">Hypermedia. </subfield>
  </datafield>
  <datafield tag="650" ind1="0" ind2="0">
   <subfield code="a">Journal </subfield>
  </datafield>
  <datafield tag="710" ind1="1" ind2="1">
   <subfield code="a">Association for the Advancement of Computing in Education </subfield>
  </datafield>
  <datafield tag="901" ind1=" " ind2=" ">
   <subfield code="u">www.aace.org</subfield>
  </datafield>
 </record>
</collection>
